000 00700nam a2200181Ia 4500
008 090124s9999 xx 000 0 und d
082 _b30061
_a4061
100 _aचिखले सुरेश
245 _a" लोकमहाभारत अर्थात जांभूळ आख्यान """""
250 _a1
260 _c1999
300 _a70
600 _aचिखले सुरेश
630 _a" लोकमहाभारत अर्थात जांभूळ आख्यान """""
700 _aचिखले सुरेश
730 _a" लोकमहाभारत अर्थात जांभूळ आख्यान """""
942 _cBOOK
999 _c143544
_d143544